| 000 | 01111 a2200289 4500 | ||
|---|---|---|---|
| 003 | NUST | ||
| 005 | 20221121140205.0 | ||
| 010 | _a 2003055187 | ||
| 020 | _a0-521-53441-0 (pbk.) : | ||
| 020 | _a0-521-80689-5 (cased) : | ||
| 035 | _a(Uk)0521806895 | ||
| 040 | _cNust | ||
| 082 | 0 | 4 | _a515.36,BEE |
| 100 |
_aBeerends R.J. _9103277 |
||
| 245 | 1 | 0 |
_aFourier and Laplace transforms / _cR.J. Beerends ...[et al.] ; translated from Dutch by R.J. Beerends. |
| 260 |
_aCambridge : _bCambridge University Press, _c2003. |
||
| 300 |
_ax, 447 p. : _bill. ; _c26 cm. |
||
| 505 | _aApplications And Foundations (Page-7), Fourier Series (Page-60), Fourier Integrals And Distributions (Page-138), Laplace Transforms (Page-253), Discrete Transforms (Page-340). | ||
| 650 | 7 |
_aFourier analysis _939267 |
|
| 650 | 7 |
_aFourier transformations. _9103278 |
|
| 650 | 7 |
_aFourieranalys _9103279 |
|
| 650 | 7 |
_aLaplace transformation. _939000 |
|
| 650 | 7 |
_aTransformation (Mathematics) _9103280 |
|
| 650 | 7 |
_aTransformationer (matematik) _9103281 |
|
| 700 | 1 |
_aBeerends, R. J., _d1958- _9103282 |
|
| 942 |
_2ddc _cBK _k515.36,BEE |
||
| 999 |
_c174699 _d174699 |
||